| 000 | 00648nam a22002177a 4500 | ||
|---|---|---|---|
| 001 | 00028667 | ||
| 005 | 20260330105710.0 | ||
| 008 | 260330b ag ||||| |||| 00| 0 spa d | ||
| 020 | _a9789876093705 | ||
| 040 |
_aAR-CcCEOS _bspa _cAR-CcCEOS |
||
| 041 | _aspa | ||
| 080 | _a860-83(82) | ||
| 090 | _bGUT | ||
| 100 | 1 |
_aGutman, Laura _9159 |
|
| 245 |
_aConversaciones con Laura Gutman : _brespuestas claras a consultas dificiles / _cLaura Gutman |
||
| 250 | _a1ª ed. | ||
| 260 |
_aBuenos Aires : _bDel Nuevo Extremo, _c2013. |
||
| 300 |
_a304 p. ; _c23x19 cm. |
||
| 655 | 0 |
_apsicología _vpsiconoanalisis _9124 _cfamilia |
|
| 942 |
_2udc _cBK _n0 |
||
| 999 |
_c28700 _d28700 |
||